000 00461nam a22001692 4500
001 0000006143
005 20170406121251.0
008 151214s xx 000 0 eng d
020 _c$
040 _aYour Holding Symbol
_cYour Holding Symbol
245 1 0 _aMy favourite book of human body.
250 _a ed.
260 _aHarare :
_bSunrise book,
_c2000.
300 _a6 p. :
_bill ;
_c cm.
650 0 _aHuman body.
908 _a151214
999 _c5897
_d5897